Alle Bayern Spieler 2023 - Statistiken

Allgemein
  • Dieses Quiz wurde 90 mal gespielt
  • Das Durchschnittsergebnis liegt bei 13 aus 27
Antwortstatistiken
Hint Antwort % Korrekt
1 Manuel Neuer
100%
25 Thomas Müller
83%
6 Joshua Kimmich
77%
8 Leon Goretzka
75%
10 Leroy Sane
72%
7 Serge Gnabry
72%
26 Sven Ulreich
70%
42 Jamal Musiala
66%
27 Yann Sommer
65%
2 Dayot Upamecano
62%
5 Benjamin Pavard
59%
19 Alphonso Davies
55%
17 Sadio Mane
55%
11 Kingsley Coman
54%
13 Eric Maxim Choupo Moting
46%
21 Lucas Hernandez
45%
44 Josip Stanisic
35%
38 Ryan Gravenberch
35%
22 Joao Cancelo
31%
39 Mathys Tel
31%
20 Bouna Sarr
23%
40 Noussair Mazraoui
21%
23 Daley Blind
20%
35 Johannes Schenk
20%
14 Paul Wanner
20%
46 Arijon Ibrahimovic
14%
4 Mathjis De Ligt
11%
Keine übereinstimmenden Quizze gefunden
Verteilung der Resultate
Anzahl Personen mit jedem Resultat
Perzentil nach korrekt beantworteten Fragen
Ihre Resultats-Entwicklung
Sie haben dieses Quiz noch nicht gespielt